000 00273nam a22001217a 4500
040 _cSY
082 _a307
100 _aចៅ សំអឌ្ឍច័ន្ទ
245 _aសហគ្រាសជនបទ
260 _aRUA
_bចៅ
_c2012
300 _a63p.
942 _cKB
999 _c9073
_d9073